000 00463nam a2200169 i 4500
001 49211
003 ES-MaACL
005 20230906161915.0
007 t|
008 030710s1972 mx ||||1| spa d
100 1 _aCortázar, Julio.
_940823
245 1 1 _a[Ultimo round] /
_cJulio Cortázar.
250 _a3ª ed.
260 _a[México :
_bSiglo XXI ;
_aMadrid :
_bEd. Castilla,
_c1972]
300 _a2 v. ;
_c19 cm.
852 _aES-MaACL
_jC-54119-20
_bR.87035
999 _c49211
_d49211